[Event "Mistrzostwa Polski"]
[Site "Warsaw POL"]
[Date "2014.03.29"]
[Round "5"]
[White "Pakleza, Zbigniew"]
[Black "Heberla, Bartlomiej"]
[Result "0-1"]
[WhiteElo "2490"]
[BlackElo "2544"]
[PlyCount "112"]
[EventDate "2014.03.25"]

1. Nf3 Nf6 2. c4 c5 3. Nc3 g6 4. d4 cxd4 5. Nxd4 Bg7 6. g3 O-O 7. Bg2 Nc6 8.
O-O Qa5 9. e3 d6 10. Bxc6 bxc6 11. Nxc6 Qc7 12. Nd5 Nxd5 13. cxd5 Bb7 14. Bd2
Bxb2 15. Rb1 Bxc6 16. dxc6 Rab8 17. Qc2 Ba3 18. e4 Bc5 19. Bh6 Rfc8 20. Qc3 e5
21. Qf3 Qe7 22. Rxb8 Rxb8 23. c7 Rc8 24. Rb1 Bb6 25. a4 Qe6 26. Kg2 Bxc7 27.
Rb7 a5 28. Qb3 Qxb3 29. Rxb3 f5 30. exf5 gxf5 31. Bd2 Kf7 32. Rb5 Ke6 33. Bxa5
Bxa5 34. Rxa5 Rc2 35. Ra7 e4 36. Kf1 d5 37. Rxh7 d4 38. Rh8 d3 39. Rd8 Ra2 40.
h4 Rxa4 41. Kg2 Ke7 42. Rd5 Ke6 43. Rd8 Ra2 44. h5 Kf6 45. h6 Ra7 46. f3 Kg5
47. Rd5 Ra2+ 48. Kf1 Kxh6 49. g4 fxg4 50. fxg4 Re2 51. Rh5+ Kg6 52. Rd5 Kf6 53.
Rd8 Kg5 54. Rg8+ Kf4 55. g5 Ke3 56. Ra8 Rf2+ 0-1

[Event "Mistrzostwa Polski"]
[Site "Warsaw POL"]
[Date "2014.03.29"]
[Round "5"]
[White "Socko, Bartosz"]
[Black "Bartel, Mateusz"]
[Result "1/2-1/2"]
[WhiteElo "2651"]
[BlackElo "2662"]
[PlyCount "168"]
[EventDate "2014.03.25"]

1. d4 f5 2. g3 Nf6 3. Bg2 g6 4. c4 Bg7 5. Nc3 O-O 6. Nh3 d6 7. d5 c6 8. Nf4 e5
9. dxe6 Qe7 10. h4 Bxe6 11. h5 Bf7 12. hxg6 hxg6 13. Qc2 Nbd7 14. b3 Ne5 15.
Ba3 Neg4 16. Rd1 Rad8 17. Bf3 Rfe8 18. O-O Ne5 19. Bg2 Nfg4 20. Nh3 Qf6 21. Bc1
Nxc4 22. Nb1 Nce3 23. fxe3 Nxe3 24. Bxe3 Rxe3 25. Rd3 Rde8 26. Rxe3 Rxe3 27.
Rf3 Qe5 28. Kf2 Bh6 29. Nf4 Rxf3+ 30. exf3 Bxf4 31. gxf4 Qxf4 32. Qd2 Qxd2+ 33.
Nxd2 g5 34. Bh3 Be6 35. Nc4 g4 36. Bf1 Bxc4 37. Bxc4+ Kg7 38. fxg4 fxg4 39. Be2
Kf6 40. Bxg4 Ke5 41. Ke3 Kd5 42. Kd3 Kc5 43. Kc3 a5 44. Be6 b5 45. Bd7 b4+ 46.
Kd3 d5 47. Be8 Kd6 48. Ke3 c5 49. Bf7 Ke5 50. Bg8 Kd6 51. Bh7 Ke5 52. Bd3 Kd6
53. Bg6 Ke5 54. Bf7 Kd6 55. Kf4 c4 56. Be8 Ke7 57. Bb5 Kd6 58. Ke3 Kc5 59. Be8
c3 60. Bg6 Kc6 61. Kd4 Kd6 62. Bf5 Kc6 63. Ke5 Kc5 64. Bd3 Kc6 65. Bf5 Kc5 66.
Ke6 Kc6 67. Bg6 Kc5 68. Kd7 a4 69. bxa4 Kc4 70. Kd6 d4 71. Bf7+ Kd3 72. a5 c2
73. Bg6+ Kd2 74. Bxc2 Kxc2 75. a6 d3 76. a7 d2 77. a8=Q d1=Q+ 78. Kc5 Kb2 79.
Kxb4 Qd4+ 80. Kb5 Qe5+ 81. Kc4 Qc3+ 82. Kb5 Qe5+ 83. Kc4 Qc3+ 84. Kb5 Qe5+
1/2-1/2

[Event "Mistrzostwa Polski"]
[Site "Warsaw POL"]
[Date "2014.03.29"]
[Round "5"]
[White "Tomczak, Jacek"]
[Black "Swiercz, Dariusz"]
[Result "1-0"]
[WhiteElo "2544"]
[BlackElo "2631"]
[PlyCount "157"]
[EventDate "2014.03.25"]

1. e4 c5 2. Nf3 e6 3. d4 cxd4 4. Nxd4 Nc6 5. Nc3 Qc7 6. Be2 Nf6 7. O-O Be7 8.
Nb3 O-O 9. f4 d6 10. g4 a6 11. g5 Nd7 12. Bd3 Re8 13. Qh5 g6 14. Qh4 b5 15. Rf3
Bf8 16. Rh3 h6 17. Be3 b4 18. Ne2 d5 19. Ng3 Qd8 20. e5 Bg7 21. Rf1 Kh7 22. Nh5
Rh8 23. Nf6+ Nxf6 24. gxf6 Bf8 25. Kf2 Bd7 26. Rg1 Be8 27. Nc5 Qc8 28. Na4 Rb8
29. Rgg3 b3 30. Bc5 Nxe5 31. Bxf8 Nxd3+ 32. cxd3 Qc2+ 33. Ke1 Kg8 34. axb3 Bxa4
35. Bd6 Qc1+ 36. Ke2 Qc2+ 37. Ke1 Qc1+ 38. Ke2 Qxb2+ 39. Kf3 Bxb3 40. Rxg6+
fxg6 41. f7+ Kg7 42. Be5+ Qxe5 43. fxe5 g5 44. Qd4 Rhf8 45. Ke3 Rxf7 46. Rf3
Rxf3+ 47. Kxf3 Rf8+ 48. Ke2 a5 49. Qb6 a4 50. Qxe6 d4 51. Qd7+ Rf7 52. Qd6 Rf4
53. e6 Bxe6 54. Qxe6 Rh4 55. Qe5+ Kg6 56. Kd2 Rf4 57. Qe2 Kf5 58. Kc2 Kg6 59.
Kb2 Kg7 60. Ka3 Kg6 61. Kxa4 Kg7 62. Kb4 Kg6 63. Kc4 Kg7 64. Kd5 Kg6 65. Ke5
Kg7 66. Qd2 Kg6 67. Qxf4 gxf4 68. Kxf4 h5 69. Ke4 h4 70. h3 Kg5 71. Ke5 Kg6 72.
Kf4 Kf6 73. Kg4 Ke5 74. Kg5 Ke6 75. Kxh4 Kf5 76. Kg3 Kg5 77. Kf3 Kf5 78. h4 Ke5
79. Kg4 1-0

[Event "Mistrzostwa Polski"]
[Site "Warsaw POL"]
[Date "2014.03.29"]
[Round "5"]
[White "Piorun, Kacper"]
[Black "Jakubowski, Krzysztof"]
[Result "0-1"]
[WhiteElo "2570"]
[BlackElo "2527"]
[PlyCount "58"]
[EventDate "2014.03.25"]

1. d4 d5 2. c4 e6 3. Nf3 Nf6 4. Bg5 Nbd7 5. Nbd2 c5 6. e3 Qb6 7. Bd3 Qxb2 8.
O-O Qa3 9. Qe2 b5 10. cxb5 c4 11. Bc2 a6 12. e4 axb5 13. exd5 Nxd5 14. Ne5 Nxe5
15. dxe5 h6 16. Bh4 Bb7 17. Ne4 Bb4 18. Qg4 g5 19. Bg3 O-O-O 20. Qh5 Rd7 21.
Rad1 Qxa2 22. Bb1 Qb3 23. Nxg5 Rhd8 24. Nxf7 Nf4 25. Rxd7 Nxh5 26. Rxd8+ Kc7
27. Bg6 Nxg3 28. hxg3 Bc5 29. Rdd1 Qxg3 0-1

[Event "Mistrzostwa Polski"]
[Site "Warsaw POL"]
[Date "2014.03.29"]
[Round "5"]
[White "Sadzikowski, Daniel"]
[Black "Grabarczyk, Miroslaw"]
[Result "1-0"]
[WhiteElo "2470"]
[BlackElo "2466"]
[PlyCount "75"]
[EventDate "2014.03.25"]

1. c4 e6 2. Nc3 d5 3. d4 a6 4. cxd5 exd5 5. Bf4 c6 6. e3 Bd6 7. Bxd6 Qxd6 8.
Bd3 Ne7 9. Nf3 Bf5 10. Qb3 Bc8 11. O-O O-O 12. Rac1 Nd7 13. e4 Rd8 14. Rfe1 Nf8
15. h3 h6 16. e5 Qc7 17. Ne2 b6 18. Ng3 c5 19. Bb1 Bd7 20. Nh5 Rac8 21. Nh4 Ne6
22. Qg3 Kh8 23. f4 Rg8 24. f5 Ng5 25. Qf4 Nc6 26. e6 Be8 27. Qxc7 Rxc7 28. dxc5
Nd4 29. Nf4 Rxc5 30. Rxc5 bxc5 31. e7 Bc6 32. Nxd5 Rc8 33. Kf2 f6 34. Nc7 Rxc7
35. e8=Q+ Bxe8 36. Rxe8+ Kh7 37. Ng6 Nf7 38. Nf8+ 1-0

[Event "Mistrzostwa Polski"]
[Site "Warsaw POL"]
[Date "2014.03.29"]
[Round "5"]
[White "Kanarek, Marcel"]
[Black "Stachowiak, Kamil"]
[Result "1-0"]
[WhiteElo "2476"]
[BlackElo "2442"]
[PlyCount "83"]
[EventDate "2014.03.25"]

1. e4 c5 2. Nf3 e6 3. d4 cxd4 4. Nxd4 Nc6 5. Nc3 Qc7 6. Be3 a6 7. Qd2 Nf6 8.
O-O-O Be7 9. f3 O-O 10. g4 b5 11. g5 Nh5 12. Nce2 Rd8 13. Ng3 Nxd4 14. Nxh5
Nxf3 15. Qf2 Ne5 16. Bb6 Qb8 17. Nf6+ Bxf6 18. gxf6 Ng4 19. Qg1 Qf4+ 20. Kb1
Bb7 21. Bd3 Nxf6 22. Rf1 Qh6 23. Bxd8 Nxe4 24. Ba5 Nd6 25. Bb4 e5 26. Bxd6 Qxd6
27. Qf2 Bxh1 28. Qxf7+ Kh8 29. Rxh1 Rf8 30. Qh5 g6 31. Qg5 Qe6 32. Re1 Re8 33.
h4 d5 34. h5 gxh5 35. Bf5 Qf7 36. Rg1 e4 37. Bd7 Re7 38. Bc6 Qg6 39. Qe3 Qd6
40. Qd4+ Qe5 41. Qb6 d4 42. Qd8+ 1-0

[Event "Mistrzostwa Polski"]
[Site "Warsaw POL"]
[Date "2014.03.29"]
[Round "5"]
[White "Sieciechowicz, Marcin"]
[Black "Weichhold, Pawel"]
[Result "1/2-1/2"]
[WhiteElo "2436"]
[BlackElo "2394"]
[PlyCount "150"]
[EventDate "2014.03.25"]

1. d4 g6 2. e4 Bg7 3. c4 Nc6 4. Nf3 d6 5. d5 Ne5 6. Nxe5 Bxe5 7. Bd3 c6 8. O-O
Nf6 9. Nc3 O-O 10. Qe2 a5 11. f4 Bd4+ 12. Kh1 Nd7 13. Be3 Bg7 14. Na4 Re8 15.
Qf2 Rb8 16. Ba7 Ra8 17. Bd4 Bxd4 18. Qxd4 Rb8 19. Rac1 b5 20. cxb5 cxb5 21. Nc3
Ba6 22. b4 axb4 23. Qxb4 Qb6 24. Rb1 Rec8 25. Rf3 Qa7 26. a3 Rc7 27. Nxb5 Bxb5
28. Bxb5 Rcb7 29. a4 Nc5 30. Re1 Qb6 31. Qc4 Qa5 32. Qc3 Ra7 33. Qxa5 Rxa5 34.
Bc6 Nxe4 35. g4 Rb4 36. g5 Ra7 37. Rfe3 Nc5 38. Rxe7 Rxe7 39. Rxe7 Nxa4 40. Rd7
Rxf4 41. Rxd6 Nc5 42. Rd8+ Kg7 43. d6 Rd4 44. d7 Nxd7 45. Rxd7 Rxd7 46. Bxd7 f6
47. gxf6+ Kxf6 48. Kg2 Kg7 49. Kg3 Kf6 50. Kf4 Kg7 51. Kg5 h6+ 52. Kf4 Kf6 53.
Bc8 Kg7 54. Ke5 h5 55. h4 Kh7 56. Kf6 Kh8 57. Kg5 Kg7 58. Bd7 Kh7 59. Kf6 Kh8
60. Ke7 Kg7 61. Be8 Kh8 62. Kf6 Kh7 63. Bf7 Kh8 64. Kg5 Kg7 65. Be8 Kh7 66. Kf6
Kh8 67. Kf7 Kh7 68. Bc6 Kh6 69. Kf6 Kh7 70. Bd5 Kh8 71. Kf7 Kh7 72. Kf6 Kh8 73.
Kg5 Kg7 74. Bc4 Kh7 75. Kf6 Kh8 1/2-1/2

[Event "Mistrzostwa Polski"]
[Site "Warsaw POL"]
[Date "2014.03.29"]
[Round "5"]
[White "Wieczorek, Oskar"]
[Black "Adamski, Jan"]
[Result "1-0"]
[WhiteElo "2407"]
[BlackElo "2302"]
[PlyCount "67"]
[EventDate "2014.03.25"]

1. e4 c5 2. Nf3 e6 3. d4 cxd4 4. Nxd4 a6 5. Bd3 Nf6 6. O-O Qc7 7. Qe2 d6 8. c4
Nbd7 9. Nc3 Ne5 10. Kh1 Be7 11. f4 Nxd3 12. Qxd3 O-O 13. b3 b6 14. Bb2 Bb7 15.
Rad1 Rad8 16. Rfe1 g6 17. Rf1 Qc8 18. Rde1 Rde8 19. Nf3 Nd7 20. Qd2 Qc7 21. f5
Bf6 22. Qh6 Qd8 23. Nd1 Bxb2 24. Ng5 Nf6 25. fxg6 fxg6 26. Rxf6 Qe7 27. Rxf8+
Rxf8 28. Nxb2 d5 29. h3 dxe4 30. Nd1 Rf5 31. h4 Rf4 32. Ne3 a5 33. Rd1 Bc8 34.
Kg1 1-0

[Event "Mistrzostwa Polski"]
[Site "Warsaw POL"]
[Date "2014.03.30"]
[Round "6"]
[White "Wojtaszek, Radoslaw"]
[Black "Gajewski, Grzegorz"]
[Result "1/2-1/2"]
[WhiteElo "2713"]
[BlackElo "2631"]
[PlyCount "87"]
[EventDate "2014.03.25"]

1. d4 Nf6 2. c4 e6 3. g3 Bb4+ 4. Bd2 Be7 5. Bg2 d5 6. Nf3 O-O 7. O-O c6 8. Qc2
Nbd7 9. Rd1 a5 10. Bf4 h6 11. Nc3 dxc4 12. Nd2 Nb6 13. e4 a4 14. a3 Re8 15. h3
Bd7 16. Nf3 c5 17. d5 exd5 18. exd5 Bf8 19. g4 g5 20. Bg3 Bg7 21. Ne5 h5 22.
Re1 hxg4 23. hxg4 Nxg4 24. Nxg4 Bxg4 25. Rxe8+ Qxe8 26. Qd2 Qd8 27. Re1 f5 28.
Be5 Bxe5 29. Rxe5 Nd7 30. Re1 f4 31. d6 Qf6 32. Qd5+ Kf8 33. Re7 Re8 34. Rxe8+
Kxe8 35. Qg8+ Nf8 36. Ne4 Qe5 37. Nxg5 Be6 38. Nxe6 Qxe6 39. Qg7 Qxd6 40. Qxb7
Qd1+ 41. Kh2 Qh5+ 42. Kg1 Qd1+ 43. Kh2 Qh5+ 44. Kg1 1/2-1/2

[Event "Mistrzostwa Polski"]
[Site "Warsaw POL"]
[Date "2014.03.30"]
[Round "6"]
[White "Duda, Jan-Krzysztof"]
[Black "Heberla, Bartlomiej"]
[Result "1-0"]
[WhiteElo "2563"]
[BlackElo "2544"]
[PlyCount "113"]
[EventDate "2014.03.25"]

1. e4 e6 2. d4 d5 3. e5 c5 4. c3 Nc6 5. Nf3 Bd7 6. a3 Nge7 7. Bd3 cxd4 8. cxd4
Qb6 9. Bc2 Nf5 10. Bxf5 exf5 11. Nc3 Be6 12. O-O a5 13. h4 h6 14. Rb1 Be7 15.
g3 O-O 16. Kg2 Rfc8 17. Be3 Bf8 18. h5 Rd8 19. Bf4 Qa6 20. a4 Na7 21. Nh4 Qc4
22. Be3 Nc6 23. Nb5 Nb4 24. Qf3 Qc8 25. Rbc1 Nc6 26. Bf4 Qd7 27. Qe3 Rac8 28.
Nd6 Bxd6 29. exd6 f6 30. Rfe1 Re8 31. Ng6 Bf7 32. Qd3 Re4 33. f3 Rxe1 34. Rxe1
Re8 35. Kf1 Rxe1+ 36. Kxe1 Qe8+ 37. Kd2 Be6 38. Qe3 Kf7 39. Bxh6 Nb4 40. Bf4
Qxa4 41. Nh8+ Kg8 42. Qxe6+ Kxh8 43. Qc8+ Kh7 44. Qxf5+ Kh8 45. Qc8+ Kh7 46.
Qf5+ Kh8 47. d7 Nc6 48. Qxd5 Qb4+ 49. Kd3 Qb6 50. Bd2 Kh7 51. Bxa5 Qxb2 52.
Qe4+ f5 53. Qxf5+ Kh8 54. d8=Q+ Nxd8 55. Qf8+ Kh7 56. Qxd8 Qb3+ 57. Ke4 1-0

[Event "Mistrzostwa Polski"]
[Site "Warsaw POL"]
[Date "2014.03.30"]
[Round "6"]
[White "Markowski, Tomasz"]
[Black "Sadzikowski, Daniel"]
[Result "1-0"]
[WhiteElo "2566"]
[BlackElo "2470"]
[PlyCount "107"]
[EventDate "2014.03.25"]

1. d4 Nf6 2. Nf3 d5 3. c4 dxc4 4. e3 b5 5. a4 b4 6. Bxc4 e6 7. O-O Be7 8. b3
Bb7 9. Bb2 O-O 10. Nbd2 c5 11. dxc5 Nbd7 12. c6 Bxc6 13. Qe2 Bb7 14. Rac1 Qb8
15. Bd3 Rc8 16. Rxc8+ Qxc8 17. Rc1 Qd8 18. Bd4 Nd5 19. Ba6 Rc8 20. Rxc8 Qxc8
21. Bxb7 Qxb7 22. Qc4 h6 23. h3 Nc7 24. e4 Ne8 25. Be3 a6 26. Kf1 Nd6 27. Qc2
Bf6 28. Bf4 e5 29. Be3 Bd8 30. Qd3 Qc6 31. g4 f6 32. Ke2 Kf7 33. h4 a5 34. h5
Nf8 35. Nh4 Bc7 36. Nf5 Nd7 37. Nxd6+ Bxd6 38. Nc4 Bc7 39. Ba7 Nf8 40. Qd5+
Qxd5 41. exd5 Nd7 42. Kd3 g6 43. hxg6+ Kxg6 44. d6 Bd8 45. Ke4 Kg5 46. f3 f5+
47. gxf5 h5 48. Be3+ Kh4 49. Nxe5 Nf6+ 50. Kd3 Kg3 51. Nc6 h4 52. Nxd8 h3 53.
Ne6 Nd7 54. Ke2 1-0

[Event "Mistrzostwa Polski"]
[Site "Warsaw POL"]
[Date "2014.03.30"]
[Round "6"]
[White "Jakubowski, Krzysztof"]
[Black "Tomczak, Jacek"]
[Result "0-1"]
[WhiteElo "2527"]
[BlackElo "2544"]
[PlyCount "78"]
[EventDate "2014.03.25"]

1. c4 e5 2. Nc3 Nf6 3. g3 d5 4. cxd5 Nxd5 5. Bg2 Nb6 6. Nf3 Nc6 7. d3 Be7 8.
O-O O-O 9. a4 a5 10. Be3 Re8 11. Bxb6 cxb6 12. Nd2 Be6 13. Rc1 f5 14. Nb5 Rc8
15. Nc4 Bc5 16. e3 Bf7 17. Qe2 Qf6 18. b3 Rcd8 19. Rcd1 Re7 20. Qb2 Red7 21.
Qb1 Bh5 22. Rd2 Bb4 23. Rb2 Rxd3 24. Nxb6 e4 25. Nc4 Be7 26. Rc2 Bd1 27. Rb2
Qf8 28. Nc3 Bh5 29. Rc2 Bf6 30. Ne2 Qb4 31. Nf4 Rxb3 32. Qc1 Bf7 33. f3 Rc3 34.
Rxc3 Bxc3 35. fxe4 Qxc4 36. Nd5 Bxd5 37. exd5 Ne7 38. Rf2 Qb4 39. Rc2 Be5 0-1

[Event "Mistrzostwa Polski"]
[Site "Warsaw POL"]
[Date "2014.03.30"]
[Round "6"]
[White "Socko, Bartosz"]
[Black "Warakomski, Tomasz"]
[Result "1/2-1/2"]
[WhiteElo "2651"]
[BlackElo "2498"]
[PlyCount "123"]
[EventDate "2014.03.25"]

1. d4 d5 2. c4 e6 3. Nc3 Be7 4. cxd5 exd5 5. Bf4 c6 6. e3 Bf5 7. Nge2 Bg6 8.
Bg3 Qb6 9. Qd2 Nf6 10. f3 O-O 11. Nf4 Bd6 12. Nxg6 Bxg3+ 13. hxg3 hxg6 14. Bd3
Re8 15. O-O-O c5 16. Rh4 g5 17. Rh2 Nbd7 18. Rdh1 Kf8 19. e4 cxd4 20. Nxd5 Nxd5
21. exd5 Ne5 22. Rh8+ Ke7 23. Rxe8+ Rxe8 24. Qxg5+ Kd6 25. Qd2 Nxd3+ 26. Qxd3
Re3 27. Qc4 Re5 28. Rd1 Rxd5 29. Kb1 Qc5 30. Qd3 Kd7 31. a3 Qd6 32. g4 a6 33.
Qh7 Qf6 34. Qe4 Qd6 35. Re1 Qe6 36. Kc2 Rc5+ 37. Kb1 Rd5 38. Qxe6+ fxe6 39. Kc2
Kd6 40. Rh1 Re5 41. Kd2 a5 42. Rh7 Rb5 43. Kc2 g5 44. a4 Rb4 45. Rg7 Rxa4 46.
Rxg5 Ra1 47. Kd3 e5 48. Rg6+ Kd5 49. Rb6 Rg1 50. Rb5+ Ke6 51. g3 a4 52. Rxb7
Re1 53. f4 a3 54. bxa3 Re3+ 55. Kc4 Rc3+ 56. Kb4 e4 57. f5+ Kd6 58. Rb6+ Kd5
59. Rb5+ Kd6 60. Rb6+ Kd5 61. Rb5+ Kd6 62. Rb6+ 1/2-1/2

[Event "Mistrzostwa Polski"]
[Site "Warsaw POL"]
[Date "2014.03.30"]
[Round "6"]
[White "Bartel, Mateusz"]
[Black "Pakleza, Zbigniew"]
[Result "1/2-1/2"]
[WhiteElo "2662"]
[BlackElo "2490"]
[PlyCount "100"]
[EventDate "2014.03.25"]

1. e4 e5 2. Nf3 Nc6 3. Bc4 Nf6 4. Ng5 d5 5. exd5 Na5 6. Bb5+ c6 7. dxc6 bxc6 8.
Be2 h6 9. Nh3 Bc5 10. d3 O-O 11. Nc3 Nb7 12. O-O Bb6 13. Kh1 Nd6 14. Ng1 Nd5
15. Nxd5 cxd5 16. f4 e4 17. d4 a5 18. a4 Qh4 19. c3 Rb8 20. Qe1 Qxe1 21. Rxe1
Bd7 22. Bd1 Rfc8 23. Ne2 Bd8 24. b3 Bh4 25. g3 Be7 26. Bd2 h5 27. Kg2 g6 28.
Ng1 Nf5 29. Ne2 Rc7 30. h3 Bc8 31. Nc1 Bd6 32. Na2 Ba6 33. g4 hxg4 34. hxg4 Ng7
35. b4 Bc4 36. Be2 f5 37. gxf5 gxf5 38. Kf2 Ne6 39. Rg1+ Kf7 40. Rh1 Bxe2 41.
Kxe2 Rg8 42. Rh7+ Ke8 43. Rxc7 Bxc7 44. Rf1 Bxf4 45. Bxf4 Rg2+ 46. Rf2 Nxf4+
47. Ke3 Rxf2 48. Kxf2 Nd3+ 49. Kf1 axb4 50. Nxb4 Nxb4 1/2-1/2

[Event "Mistrzostwa Polski"]
[Site "Warsaw POL"]
[Date "2014.03.30"]
[Round "6"]
[White "Krasenkow, Michal"]
[Black "Piorun, Kacper"]
[Result "1/2-1/2"]
[WhiteElo "2640"]
[BlackElo "2570"]
[PlyCount "82"]
[EventDate "2014.03.25"]

1. d4 f5 2. Nc3 d5 3. Bg5 h6 4. Bf4 Nf6 5. e3 g5 6. Be5 e6 7. g4 fxg4 8. h3
gxh3 9. Bxh3 Nc6 10. f4 Qe7 11. Bxf6 Qxf6 12. Qh5+ Qf7 13. Qxf7+ Kxf7 14. fxg5
Ke7 15. Nf3 hxg5 16. Ke2 Bg7 17. Nxg5 Bd7 18. Rag1 Bf6 19. Nf3 a6 20. Bg4 Rxh1
21. Rxh1 Rh8 22. Rxh8 Bxh8 23. a3 Be8 24. Ne1 Bg6 25. Nd3 Bxd3+ 26. Kxd3 Kd6
27. Bf3 e5 28. Bxd5 exd4 29. exd4 Bxd4 30. Bxc6 Bxc3 31. Kxc3 Kxc6 32. Kd4 Kd6
33. b4 b5 34. c3 c6 35. c4 c5+ 36. bxc5+ Kc6 37. cxb5+ axb5 38. a4 bxa4 39. Kc4
a3 40. Kb3 a2 41. Kxa2 Kxc5 1/2-1/2

[Event "Mistrzostwa Polski"]
[Site "Warsaw POL"]
[Date "2014.03.30"]
[Round "6"]
[White "Swiercz, Dariusz"]
[Black "Wieczorek, Oskar"]
[Result "1/2-1/2"]
[WhiteElo "2631"]
[BlackElo "2407"]
[PlyCount "82"]
[EventDate "2014.03.25"]

1. d4 Nf6 2. Bg5 Ne4 3. Bf4 d5 4. e3 c5 5. Bd3 Qb6 6. Bxe4 Qxb2 7. Nd2 dxe4 8.
Ne2 Nd7 9. Nxe4 cxd4 10. exd4 g6 11. O-O Bg7 12. N2c3 O-O 13. Nd5 Nb6 14. Nxe7+
Kh8 15. Nxc8 Raxc8 16. c3 Nd5 17. Bd2 f5 18. Nc5 Nxc3 19. Bxc3 Qxc3 20. Ne6
Rfe8 21. Nxg7 Kxg7 22. Qa4 Qc6 23. Qxa7 Ra8 24. Qc5 Qxc5 25. dxc5 Ra5 26. Rfc1
Re5 27. Rab1 Rxa2 28. Rxb7+ Kh6 29. g3 Ree2 30. Rf1 Rac2 31. Rc7 Re5 32. c6 Re6
33. Kg2 Rexc6 34. Rxc6 Rxc6 35. h4 Kg7 36. Ra1 Rc7 37. Ra6 Rb7 38. Rc6 Ra7 39.
Rb6 Rc7 40. Ra6 Rb7 41. Rc6 Ra7 1/2-1/2

[Event "Mistrzostwa Polski"]
[Site "Warsaw POL"]
[Date "2014.03.30"]
[Round "6"]
[White "Weichhold, Pawel"]
[Black "Kanarek, Marcel"]
[Result "1-0"]
[WhiteElo "2394"]
[BlackElo "2476"]
[PlyCount "77"]
[EventDate "2014.03.25"]

1. e4 c6 2. d4 d5 3. Nc3 dxe4 4. Nxe4 Bf5 5. Ng3 Bg6 6. h4 h6 7. Nf3 Nd7 8. h5
Bh7 9. Bd3 Bxd3 10. Qxd3 e6 11. Bd2 Ngf6 12. O-O-O Be7 13. Qe2 O-O 14. Ne5 c5
15. dxc5 Nxe5 16. Qxe5 Nd7 17. Qe2 Qc7 18. Ne4 Nxc5 19. Nxc5 Qxc5 20. Kb1 Bf6
21. g4 Rac8 22. Bc1 Rc6 23. f4 Rfc8 24. Rh2 Qa5 25. Rd3 Ra6 26. a3 Rb6 27. Rhh3
Qb5 28. Qd1 Qc5 29. g5 hxg5 30. fxg5 Be5 31. g6 Rd6 32. gxf7+ Kf8 33. h6 gxh6
34. Bxh6+ Kxf7 35. Rxd6 Qxd6 36. Qh5+ Ke7 37. Rd3 Qc5 38. Bg5+ Bf6 39. Qh7+ 1-0

[Event "Mistrzostwa Polski"]
[Site "Warsaw POL"]
[Date "2014.03.30"]
[Round "6"]
[White "Grabarczyk, Miroslaw"]
[Black "Sieciechowicz, Marcin"]
[Result "1/2-1/2"]
[WhiteElo "2466"]
[BlackElo "2436"]
[PlyCount "84"]
[EventDate "2014.03.25"]

1. d4 Nf6 2. c4 g6 3. Nf3 Bg7 4. g3 d5 5. cxd5 Nxd5 6. Bg2 Nb6 7. Nc3 Nc6 8. e3
O-O 9. O-O Re8 10. d5 Na5 11. Nd4 Bd7 12. Nb3 Nxb3 13. axb3 c6 14. e4 cxd5 15.
Be3 d4 16. Bxd4 Bc6 17. Bxg7 Qxd1 18. Rfxd1 Kxg7 19. e5 Rec8 20. f4 a6 21. Bxc6
Rxc6 22. Rd4 Rac8 23. Rad1 f6 24. exf6+ exf6 25. Kf2 f5 26. Kf3 Kf7 27. h3 h5
28. g4 hxg4+ 29. hxg4 Rh8 30. Kg3 fxg4 31. Rd6 Ke7 32. R6d4 Re6 33. Ne4 Rh3+
34. Kxg4 Rh2 35. R1d2 Rxd2 36. Nxd2 Nd7 37. Ne4 Nf6+ 38. Nxf6 Kxf6 39. Rb4 b5
40. Rd4 Re2 41. Rd6+ Kf7 42. f5 gxf5+ 1/2-1/2

[Event "Mistrzostwa Polski"]
[Site "Warsaw POL"]
[Date "2014.03.30"]
[Round "6"]
[White "Stachowiak, Kamil"]
[Black "Adamski, Jan"]
[Result "1-0"]
[WhiteElo "2442"]
[BlackElo "2302"]
[PlyCount "91"]
[EventDate "2014.03.25"]

1. d4 Nf6 2. c4 e6 3. Nf3 Bb4+ 4. Bd2 Bxd2+ 5. Qxd2 O-O 6. Nc3 d6 7. g3 Nc6 8.
Bg2 e5 9. O-O Bg4 10. d5 Bxf3 11. Bxf3 Nb8 12. Bg2 Nbd7 13. b4 Qe7 14. e4 Rfc8
15. Rfc1 c5 16. dxc6 Rxc6 17. Nd5 Qd8 18. Ne3 Nb6 19. f3 a5 20. b5 Rc5 21. Bf1
g6 22. Rd1 Ne8 23. Rac1 Qg5 24. Kf2 Rc7 25. h4 Qe7 26. Bh3 Rc5 27. Rc2 Qc7 28.
Bf1 Qe7 29. Kg1 Qf6 30. Kf2 Qe7 31. h5 Qg5 32. hxg6 hxg6 33. Bh3 Rc7 34. Bg4
Rc5 35. Rh1 Rc7 36. Ke2 Rc5 37. Rh4 a4 38. Rc1 a3 39. Rch1 Qf6 40. Rh7 Qg5 41.
Rh8+ Kg7 42. R1h7+ Kf6 43. Nd5+ Nxd5 44. Rxf7+ Kxf7 45. Qxg5 Ndf6 46. Rh6 1-0

[Event "Mistrzostwa Polski"]
[Site "Warsaw POL"]
[Date "2014.03.31"]
[Round "7"]
[White "Tomczak, Jacek"]
[Black "Duda, Jan-Krzysztof"]
[Result "0-1"]
[WhiteElo "2544"]
[BlackElo "2563"]
[PlyCount "130"]
[EventDate "2014.03.25"]

1. e4 c5 2. Nf3 d6 3. d4 cxd4 4. Nxd4 Nf6 5. Nc3 a6 6. Bc4 e6 7. Bb3 Nbd7 8.
O-O Nc5 9. Qe2 Be7 10. f4 O-O 11. Kh1 Qc7 12. e5 Ne8 13. Bd2 b5 14. Rae1 Bb7
15. a3 Rd8 16. Qf2 dxe5 17. fxe5 Rd7 18. Qf4 Qd8 19. Be3 Nxb3 20. Nxb3 f5 21.
Rd1 Nc7 22. Nc5 Bxc5 23. Bxc5 Nd5 24. Nxd5 Rxd5 25. Bd6 Rf7 26. Rxd5 Bxd5 27.
h4 h6 28. h5 Kh7 29. Kh2 Qg5 30. Qxg5 hxg5 31. b3 Kh6 32. Rc1 Kxh5 33. c4 bxc4
34. bxc4 Be4 35. c5 Rb7 36. c6 Rb2 37. Kg1 Rxg2+ 38. Kf1 Rh2 39. Rc3 Kg4 40. c7
Bb7 41. c8=Q Bxc8 42. Rxc8 f4 43. Bb4 Kf5 44. Rg8 g4 45. Rxg7 Ra2 46. Rd7 g3
47. Bd2 Kxe5 48. Bc3+ Ke4 49. Re7 Rxa3 50. Rxe6+ Kf3 51. Rc6 a5 52. Rc4 Rb3 53.
Bd2 Rb1+ 54. Bc1 Rb4 55. Rc3+ Kg4 56. Kg2 Re4 57. Kf1 f3 58. Be3 a4 59. Ra3 Kh3
60. Rc3 Rb4 61. Rc8 Rb1+ 62. Bc1 a3 63. Rh8+ Kg4 64. Rg8+ Kf5 65. Rf8+ Ke6 0-1

[Event "Mistrzostwa Polski"]
[Site "Warsaw POL"]
[Date "2014.03.31"]
[Round "7"]
[White "Gajewski, Grzegorz"]
[Black "Markowski, Tomasz"]
[Result "1-0"]
[WhiteElo "2631"]
[BlackElo "2566"]
[PlyCount "69"]
[EventDate "2014.03.25"]

1. d4 Nf6 2. c4 e6 3. Nc3 Bb4 4. e3 O-O 5. Bd3 d5 6. Nf3 c5 7. O-O b6 8. cxd5
exd5 9. a3 Bxc3 10. bxc3 c4 11. Bc2 Bg4 12. Qe1 Nc6 13. Ne5 Qc7 14. f3 Bh5 15.
g4 Bg6 16. Nxg6 hxg6 17. e4 dxe4 18. g5 Nh5 19. fxe4 Rae8 20. a4 f5 21. Ba3 Rf7
22. Qh4 fxe4 23. Bxe4 Nf4 24. Rae1 Ne7 25. Bc2 Nd3 26. Bxd3 cxd3 27. Rxf7 Kxf7
28. Qe4 Qd7 29. Qxd3 Qg4+ 30. Kh1 Nd5 31. Rxe8 Kxe8 32. Qxg6+ Kd7 33. Qd6+ Kc8
34. Qxd5 Qd1+ 35. Kg2 1-0

[Event "Mistrzostwa Polski"]
[Site "Warsaw POL"]
[Date "2014.03.31"]
[Round "7"]
[White "Warakomski, Tomasz"]
[Black "Wojtaszek, Radoslaw"]
[Result "0-1"]
[WhiteElo "2498"]
[BlackElo "2713"]
[PlyCount "68"]
[EventDate "2014.03.25"]

1. Nf3 d5 2. c4 e6 3. g3 dxc4 4. Qa4+ Nd7 5. Bg2 a6 6. Qxc4 b5 7. Qc2 Bb7 8.
O-O Ngf6 9. a4 c5 10. d3 Be7 11. Nc3 Qb6 12. axb5 axb5 13. Rxa8+ Bxa8 14. e4
O-O 15. h3 Rc8 16. Be3 Qb8 17. b3 Bc6 18. Ra1 Ne8 19. d4 Nef6 20. Qd3 Qb7 21.
d5 exd5 22. exd5 Nxd5 23. Nxd5 Bxd5 24. Ng5 Nf6 25. Ra7 Qxa7 26. Bxd5 Rf8 27.
Bc6 h6 28. Nf3 b4 29. Kh2 Rd8 30. Qf5 Qc7 31. Bb5 Qc8 32. Qc2 Qb7 33. Qe2 Nd5
34. Ba6 Nc3 0-1

[Event "Mistrzostwa Polski"]
[Site "Warsaw POL"]
[Date "2014.03.31"]
[Round "7"]
[White "Heberla, Bartlomiej"]
[Black "Bartel, Mateusz"]
[Result "1/2-1/2"]
[WhiteElo "2544"]
[BlackElo "2662"]
[PlyCount "116"]
[EventDate "2014.03.25"]

1. e4 e5 2. Nf3 Nc6 3. Bc4 Nf6 4. d4 exd4 5. O-O d6 6. Nxd4 Be7 7. Nc3 O-O 8.
Re1 Re8 9. Nxc6 bxc6 10. Bf4 Bg4 11. f3 Be6 12. Bxe6 fxe6 13. Qe2 d5 14. Kh1
Nh5 15. Be5 Bd6 16. Bxd6 cxd6 17. Qd2 Nf6 18. Rad1 Qc7 19. b3 Qf7 20. f4 Rad8
21. e5 dxe5 22. Rxe5 Nd7 23. Re2 Rf8 24. Kg1 Rde8 25. Rde1 Qf5 26. Rf2 Qg4 27.
h3 Qh4 28. Rfe2 Rf6 29. Ne4 Rg6 30. Nd6 Rf8 31. Rxe6 Rxe6 32. Rxe6 Nc5 33. Re1
Qd8 34. b4 Qxd6 35. bxc5 Qxc5+ 36. Kh1 h6 37. c3 a5 38. Rf1 Qc4 39. Rf2 a4 40.
Qe3 Qe4 41. Qxe4 dxe4 42. Kh2 a3 43. Kg3 Rf5 44. Re2 Rc5 45. Re3 Kf7 46. c4
Rxc4 47. Rxa3 Kf6 48. Kf2 Kf5 49. Ke3 h5 50. g4+ hxg4 51. hxg4+ Kxg4 52. Ra7 g6
53. Rf7 c5 54. Rf6 Kh5 55. Re6 Ra4 56. Re5+ Kh6 57. Rxc5 Rxa2 58. Kxe4 Re2+
1/2-1/2